000 00762nam a2200253Ia 4500
003 OSt
005 20220928115756.0
006 a|||||r|||| 00| 0
007 ta
008 220927b |||||||| |||| 00| 0 eng d
020 _c2258.9245000000001
024 _a109076
037 _b57, 13/09/2010, Aviva Books Company
_cTextual
040 _aSDCL
_cSDCL
_beng
041 _2eng
_aeng
082 _aS1:(N), Q0
100 _aJolley Richard P
_9446046
245 0 _aChildren and pictures
_b Drawing and understanding.
260 _aChichester
_bWiley-Blackwell
_c2010
300 _axi,377p.
_ccm.
650 _aPsychology
942 _hS1:(N), Q0
_cTEXL
_2CC
999 _c760887
_d760887